Gaming Quiz

Random Gaming or Video Games Quiz

Handheld Video Game Systems Quiz Stats

 Plays Quiz Updated Jan 28, 2015

Challenge
Share
Tweet
Score 0/20 Timer 06:00
3 Plays Today
% Correct
Nintendo Game Boy
98.2%
Sony PSP
85.5%
Nintendo DS Lite
85.5%
Nintendo Game Boy Color
79.7%
Nintendo 3Ds
75.1%
Nintendo Game Boy Advance
68.6%
Sony Playstation Vita
64.2%
Nintendo Game Boy Advance SP
48.7%
Sega Game Gear
34.8%
Sony PSP Go
21.8%
% Correct
Nokia N-Gage
21.8%
Atari Lynx
15.2%
Sega Nomad
9.8%
SNK Neo Geo Pocket Color
8.4%
Bandai Wonderswan Crystal
7.4%
Gizmondo
6.4%
NEC Turboexpress
5%
Milton Bradley Microvision
3.4%
Watara Supervision
3.1%
SNK Neo Geo X
3%

You're not logged in!

Compare scores with friends on all Sporcle quizzes.
Join for Free
OR
Log In

You Might Also Like...

Show Comments

Extras

Top Quizzes Today


Score Distribution

Your Account Isn't Verified!

In order to create a playlist on Sporcle, you need to verify the email address you used during registration. Go to your Sporcle Settings to finish the process.

Report this User

Report this user for behavior that violates our Community Guidelines.

Details: